| 000 | 01185nam a22003617a 4500 | ||
|---|---|---|---|
| 003 | CHAP | ||
| 005 | 20220329133606.0 | ||
| 008 | 971013s1985 r 00010 d | ||
| 010 | _a8298 | ||
| 011 | _a9270 | ||
| 035 | _a8505 | ||
| 040 | _cCHAP | ||
| 082 |
_a637.1 _bR8Y 1981 |
||
| 100 | 0 | 0 |
_aRussell, Kenneth N. _9100963 |
| 245 | _aPrincipios de producción lechera | ||
| 260 |
_aBuenos Aires : _bEl Ateneo, _c1985 |
||
| 300 |
_a247 p. _b: ilus. |
||
| 490 | _aAgronomía y veterinaria | ||
| 500 | _aTrad. de : The Principles of dairy farming, 9 ed. de 1981 | ||
| 590 |
_aBATCH-UPD _b10 _c20130110 _lUCH01 _h0031 |
||
| 590 |
_aBATCH-UPD _b10 _c20130110 _lUCH01 _h1601 |
||
| 590 |
_aBATCH-UPD _b10 _c20130409 _lUCH01 _h2014 |
||
| 590 |
_aBATCH-UPD _b10 _c20130410 _lUCH01 _h0958 |
||
| 590 |
_aBATCH-UPD _b10 _c20130913 _lUCH01 _h2214 |
||
| 590 |
_aCONVERSION _b10 _c20130109 _lUCH01 _h1306 |
||
| 650 | 1 | 4 |
_aGanado lechero. _945237 |
| 650 | 1 | 4 |
_aIndustria lechera. _957819 |
| 650 | 1 | 4 |
_aLeche _xProducción. _965400 |
| 830 | 0 |
_aAgronomía y veterinaria _92197 |
|
| 901 | _aBK | ||
| 942 | _cLIBRO | ||
| 949 |
_a637.1 R8Y 1981 _bBC _cLIBRO _d33724000103578 _eLIBRO _gI. c/e _h83833 _i8505 _si _t87.00 |
||
| 999 |
_c8298 _d8298 |
||